<?xml version="1.0" encoding="UTF-8"?>
<marc:record xmlns:marc="http://www.loc.gov/MARC21/slim" type="Bibliographic">
   <marc:leader>00000nam a2200000 cb4500</marc:leader>
   <marc:controlfield tag="001">871489872</marc:controlfield>
   <marc:controlfield tag="003">DE-101</marc:controlfield>
   <marc:controlfield tag="005">20171202121718.0</marc:controlfield>
   <marc:controlfield tag="007">tu</marc:controlfield>
   <marc:controlfield tag="008">871215s1986    gw ||||| |||| 00||||ger  </marc:controlfield>
   <marc:datafield ind1=" " ind2=" " tag="015">
      <marc:subfield code="a">88,A02,0175</marc:subfield>
      <marc:subfield code="2">dnb</marc:subfield>
   </marc:datafield>
   <marc:datafield ind1="7" ind2=" " tag="016">
      <marc:subfield code="2">DE-101</marc:subfield>
      <marc:subfield code="a">871489872</marc:subfield>
   </marc:datafield>
   <marc:datafield ind1=" " ind2=" " tag="020">
      <marc:subfield code="a">9783926023018</marc:subfield>
      <marc:subfield code="c">kart. : DM 39.80</marc:subfield>
      <marc:subfield code="9">978-3-926023-01-8</marc:subfield>
   </marc:datafield>
   <marc:datafield ind1=" " ind2=" " tag="020">
      <marc:subfield code="a">3926023015</marc:subfield>
      <marc:subfield code="c">kart. : DM 39.80</marc:subfield>
      <marc:subfield code="9">3-926023-01-5</marc:subfield>
   </marc:datafield>
   <marc:datafield ind1=" " ind2=" " tag="035">
      <marc:subfield code="a">(DE-599)DNB871489872</marc:subfield>
   </marc:datafield>
   <marc:datafield ind1=" " ind2=" " tag="035">
      <marc:subfield code="a">(OCoLC)242254281</marc:subfield>
   </marc:datafield>
   <marc:datafield ind1=" " ind2=" " tag="040">
      <marc:subfield code="a">1200</marc:subfield>
      <marc:subfield code="b">ger</marc:subfield>
      <marc:subfield code="c">DE-101</marc:subfield>
      <marc:subfield code="d">9999</marc:subfield>
   </marc:datafield>
   <marc:datafield ind1=" " ind2=" " tag="041">
      <marc:subfield code="a">ger</marc:subfield>
   </marc:datafield>
   <marc:datafield ind1=" " ind2=" " tag="044">
      <marc:subfield code="c">XA-DE</marc:subfield>
   </marc:datafield>
   <marc:datafield ind1=" " ind2=" " tag="084">
      <marc:subfield code="a">11</marc:subfield>
      <marc:subfield code="a">150</marc:subfield>
      <marc:subfield code="q">DE-101</marc:subfield>
      <marc:subfield code="2">sdnb</marc:subfield>
   </marc:datafield>
   <marc:datafield ind1=" " ind2=" " tag="084">
      <marc:subfield code="a">5.5p</marc:subfield>
      <marc:subfield code="a">27.20p</marc:subfield>
      <marc:subfield code="a">5.5p</marc:subfield>
      <marc:subfield code="a">27.20p</marc:subfield>
      <marc:subfield code="a">5.5p</marc:subfield>
      <marc:subfield code="a">27.20p</marc:subfield>
      <marc:subfield code="a">5.5p</marc:subfield>
      <marc:subfield code="a">5.5p</marc:subfield>
      <marc:subfield code="q">DE-101</marc:subfield>
      <marc:subfield code="2">sswd</marc:subfield>
   </marc:datafield>
   <marc:datafield ind1="0" ind2="0" tag="245">
      <marc:subfield code="a">Tagebuch einer heimlichen Symmetrie</marc:subfield>
      <marc:subfield code="b">Sabina Spielrein zwischen Jung u. Freud</marc:subfield>
      <marc:subfield code="c">hrsg. von Aldo Carotenuto. Vorw. Johannes Cremerius. [Übers. d. Essais von Aldo Carotenuto: Dorothea Agerer]</marc:subfield>
   </marc:datafield>
   <marc:datafield ind1=" " ind2=" " tag="250">
      <marc:subfield code="a">Dt. Erstveröff.</marc:subfield>
   </marc:datafield>
   <marc:datafield ind1=" " ind2=" " tag="259">
      <marc:subfield code="a">dte</marc:subfield>
   </marc:datafield>
   <marc:datafield ind1=" " ind2="1" tag="264">
      <marc:subfield code="a">Freiburg i. Br.</marc:subfield>
      <marc:subfield code="b">Kore</marc:subfield>
      <marc:subfield code="c">1986</marc:subfield>
   </marc:datafield>
   <marc:datafield ind1=" " ind2=" " tag="300">
      <marc:subfield code="a">372 S.</marc:subfield>
      <marc:subfield code="b">Ill.</marc:subfield>
      <marc:subfield code="c">20 cm</marc:subfield>
      <marc:subfield code="e">Beil. ([4] S.)</marc:subfield>
   </marc:datafield>
   <marc:datafield ind1=" " ind2=" " tag="336">
      <marc:subfield code="a">Text</marc:subfield>
      <marc:subfield code="b">txt</marc:subfield>
      <marc:subfield code="2">rdacontent</marc:subfield>
   </marc:datafield>
   <marc:datafield ind1=" " ind2=" " tag="337">
      <marc:subfield code="a">ohne Hilfsmittel zu benutzen</marc:subfield>
      <marc:subfield code="b">n</marc:subfield>
      <marc:subfield code="2">rdamedia</marc:subfield>
   </marc:datafield>
   <marc:datafield ind1=" " ind2=" " tag="338">
      <marc:subfield code="a">Band</marc:subfield>
      <marc:subfield code="b">nc</marc:subfield>
      <marc:subfield code="2">rdacarrier</marc:subfield>
   </marc:datafield>
   <marc:datafield ind1="1" ind2=" " tag="490">
      <marc:subfield code="a">Sabina Spielrein</marc:subfield>
      <marc:subfield code="v">1</marc:subfield>
   </marc:datafield>
   <marc:datafield ind1="1" ind2="7" tag="600">
      <marc:subfield code="0">(DE-588)118827049</marc:subfield>
      <marc:subfield code="0">https://d-nb.info/gnd/118827049</marc:subfield>
      <marc:subfield code="0">(DE-101)118827049</marc:subfield>
      <marc:subfield code="a">Spielrein, Sabina</marc:subfield>
      <marc:subfield code="d">1885-1942</marc:subfield>
      <marc:subfield code="2">gnd</marc:subfield>
   </marc:datafield>
   <marc:datafield ind1="1" ind2="7" tag="600">
      <marc:subfield code="0">(DE-588)118535315</marc:subfield>
      <marc:subfield code="0">https://d-nb.info/gnd/118535315</marc:subfield>
      <marc:subfield code="0">(DE-101)118535315</marc:subfield>
      <marc:subfield code="a">Freud, Sigmund</marc:subfield>
      <marc:subfield code="d">1856-1939</marc:subfield>
      <marc:subfield code="2">gnd</marc:subfield>
   </marc:datafield>
   <marc:datafield ind1="1" ind2="7" tag="600">
      <marc:subfield code="0">(DE-588)118827049</marc:subfield>
      <marc:subfield code="0">https://d-nb.info/gnd/118827049</marc:subfield>
      <marc:subfield code="0">(DE-101)118827049</marc:subfield>
      <marc:subfield code="a">Spielrein, Sabina</marc:subfield>
      <marc:subfield code="d">1885-1942</marc:subfield>
      <marc:subfield code="2">gnd</marc:subfield>
   </marc:datafield>
   <marc:datafield ind1="1" ind2="7" tag="600">
      <marc:subfield code="0">(DE-588)118558749</marc:subfield>
      <marc:subfield code="0">https://d-nb.info/gnd/118558749</marc:subfield>
      <marc:subfield code="0">(DE-101)118558749</marc:subfield>
      <marc:subfield code="a">Jung, C. G.</marc:subfield>
      <marc:subfield code="d">1875-1961</marc:subfield>
      <marc:subfield code="2">gnd</marc:subfield>
   </marc:datafield>
   <marc:datafield ind1="1" ind2="7" tag="600">
      <marc:subfield code="0">(DE-588)118558749</marc:subfield>
      <marc:subfield code="0">https://d-nb.info/gnd/118558749</marc:subfield>
      <marc:subfield code="0">(DE-101)118558749</marc:subfield>
      <marc:subfield code="a">Jung, C. G.</marc:subfield>
      <marc:subfield code="d">1875-1961</marc:subfield>
      <marc:subfield code="2">gnd</marc:subfield>
   </marc:datafield>
   <marc:datafield ind1="1" ind2="7" tag="600">
      <marc:subfield code="0">(DE-588)118535315</marc:subfield>
      <marc:subfield code="0">https://d-nb.info/gnd/118535315</marc:subfield>
      <marc:subfield code="0">(DE-101)118535315</marc:subfield>
      <marc:subfield code="a">Freud, Sigmund</marc:subfield>
      <marc:subfield code="d">1856-1939</marc:subfield>
      <marc:subfield code="2">gnd</marc:subfield>
   </marc:datafield>
   <marc:datafield ind1="1" ind2="7" tag="600">
      <marc:subfield code="0">(DE-588)118827049</marc:subfield>
      <marc:subfield code="0">https://d-nb.info/gnd/118827049</marc:subfield>
      <marc:subfield code="0">(DE-101)118827049</marc:subfield>
      <marc:subfield code="a">Spielrein, Sabina</marc:subfield>
      <marc:subfield code="d">1885-1942</marc:subfield>
      <marc:subfield code="2">gnd</marc:subfield>
   </marc:datafield>
   <marc:datafield ind1="1" ind2="7" tag="600">
      <marc:subfield code="0">(DE-588)118827049</marc:subfield>
      <marc:subfield code="0">https://d-nb.info/gnd/118827049</marc:subfield>
      <marc:subfield code="0">(DE-101)118827049</marc:subfield>
      <marc:subfield code="a">Spielrein, Sabina</marc:subfield>
      <marc:subfield code="d">1885-1942</marc:subfield>
      <marc:subfield code="2">gnd</marc:subfield>
   </marc:datafield>
   <marc:datafield ind1=" " ind2="7" tag="655">
      <marc:subfield code="0">(DE-588)4146609-3</marc:subfield>
      <marc:subfield code="0">https://d-nb.info/gnd/4146609-3</marc:subfield>
      <marc:subfield code="0">(DE-101)041466098</marc:subfield>
      <marc:subfield code="a">Briefsammlung</marc:subfield>
      <marc:subfield code="2">gnd-content</marc:subfield>
   </marc:datafield>
   <marc:datafield ind1=" " ind2="7" tag="655">
      <marc:subfield code="0">(DE-588)4058900-6</marc:subfield>
      <marc:subfield code="0">https://d-nb.info/gnd/4058900-6</marc:subfield>
      <marc:subfield code="0">(DE-101)040589005</marc:subfield>
      <marc:subfield code="a">Tagebuch</marc:subfield>
      <marc:subfield code="y">1909-1912</marc:subfield>
      <marc:subfield code="2">gnd-content</marc:subfield>
   </marc:datafield>
   <marc:datafield ind1=" " ind2="7" tag="655">
      <marc:subfield code="0">(DE-588)4006804-3</marc:subfield>
      <marc:subfield code="0">https://d-nb.info/gnd/4006804-3</marc:subfield>
      <marc:subfield code="0">(DE-101)040068048</marc:subfield>
      <marc:subfield code="a">Biografie</marc:subfield>
      <marc:subfield code="2">gnd-content</marc:subfield>
   </marc:datafield>
   <marc:datafield ind1=" " ind2="7" tag="655">
      <marc:subfield code="a">Briefsammlung</marc:subfield>
      <marc:subfield code="2">gnd</marc:subfield>
   </marc:datafield>
   <marc:datafield ind1=" " ind2="7" tag="655">
      <marc:subfield code="a">Briefsammlung</marc:subfield>
      <marc:subfield code="2">gnd</marc:subfield>
   </marc:datafield>
   <marc:datafield ind1=" " ind2="7" tag="655">
      <marc:subfield code="a">Briefsammlung</marc:subfield>
      <marc:subfield code="2">gnd</marc:subfield>
   </marc:datafield>
   <marc:datafield ind1=" " ind2="7" tag="655">
      <marc:subfield code="a">Tagebuch 1909-1912</marc:subfield>
      <marc:subfield code="2">gnd</marc:subfield>
   </marc:datafield>
   <marc:datafield ind1=" " ind2="7" tag="655">
      <marc:subfield code="a">Biographie</marc:subfield>
      <marc:subfield code="2">gnd</marc:subfield>
   </marc:datafield>
   <marc:datafield ind1="0" ind2="0" tag="689">
      <marc:subfield code="0">(DE-588)118827049</marc:subfield>
      <marc:subfield code="0">https://d-nb.info/gnd/118827049</marc:subfield>
      <marc:subfield code="0">(DE-101)118827049</marc:subfield>
      <marc:subfield code="D">p</marc:subfield>
      <marc:subfield code="a">Spielrein, Sabina</marc:subfield>
      <marc:subfield code="d">1885-1942</marc:subfield>
   </marc:datafield>
   <marc:datafield ind1="0" ind2="1" tag="689">
      <marc:subfield code="0">(DE-588)118535315</marc:subfield>
      <marc:subfield code="0">https://d-nb.info/gnd/118535315</marc:subfield>
      <marc:subfield code="0">(DE-101)118535315</marc:subfield>
      <marc:subfield code="D">p</marc:subfield>
      <marc:subfield code="a">Freud, Sigmund</marc:subfield>
      <marc:subfield code="d">1856-1939</marc:subfield>
   </marc:datafield>
   <marc:datafield ind1="0" ind2="2" tag="689">
      <marc:subfield code="A">f</marc:subfield>
      <marc:subfield code="a">Briefsammlung</marc:subfield>
   </marc:datafield>
   <marc:datafield ind1="0" ind2=" " tag="689">
      <marc:subfield code="5">DE-101</marc:subfield>
      <marc:subfield code="5">DE-101</marc:subfield>
   </marc:datafield>
   <marc:datafield ind1="1" ind2="0" tag="689">
      <marc:subfield code="0">(DE-588)118827049</marc:subfield>
      <marc:subfield code="0">https://d-nb.info/gnd/118827049</marc:subfield>
      <marc:subfield code="0">(DE-101)118827049</marc:subfield>
      <marc:subfield code="D">p</marc:subfield>
      <marc:subfield code="a">Spielrein, Sabina</marc:subfield>
      <marc:subfield code="d">1885-1942</marc:subfield>
   </marc:datafield>
   <marc:datafield ind1="1" ind2="1" tag="689">
      <marc:subfield code="0">(DE-588)118558749</marc:subfield>
      <marc:subfield code="0">https://d-nb.info/gnd/118558749</marc:subfield>
      <marc:subfield code="0">(DE-101)118558749</marc:subfield>
      <marc:subfield code="D">p</marc:subfield>
      <marc:subfield code="a">Jung, C. G.</marc:subfield>
      <marc:subfield code="d">1875-1961</marc:subfield>
   </marc:datafield>
   <marc:datafield ind1="1" ind2="2" tag="689">
      <marc:subfield code="A">f</marc:subfield>
      <marc:subfield code="a">Briefsammlung</marc:subfield>
   </marc:datafield>
   <marc:datafield ind1="1" ind2=" " tag="689">
      <marc:subfield code="5">DE-101</marc:subfield>
      <marc:subfield code="5">DE-101</marc:subfield>
   </marc:datafield>
   <marc:datafield ind1="2" ind2="0" tag="689">
      <marc:subfield code="0">(DE-588)118558749</marc:subfield>
      <marc:subfield code="0">https://d-nb.info/gnd/118558749</marc:subfield>
      <marc:subfield code="0">(DE-101)118558749</marc:subfield>
      <marc:subfield code="D">p</marc:subfield>
      <marc:subfield code="a">Jung, C. G.</marc:subfield>
      <marc:subfield code="d">1875-1961</marc:subfield>
   </marc:datafield>
   <marc:datafield ind1="2" ind2="1" tag="689">
      <marc:subfield code="0">(DE-588)118535315</marc:subfield>
      <marc:subfield code="0">https://d-nb.info/gnd/118535315</marc:subfield>
      <marc:subfield code="0">(DE-101)118535315</marc:subfield>
      <marc:subfield code="D">p</marc:subfield>
      <marc:subfield code="a">Freud, Sigmund</marc:subfield>
      <marc:subfield code="d">1856-1939</marc:subfield>
   </marc:datafield>
   <marc:datafield ind1="2" ind2="2" tag="689">
      <marc:subfield code="A">f</marc:subfield>
      <marc:subfield code="a">Briefsammlung</marc:subfield>
   </marc:datafield>
   <marc:datafield ind1="2" ind2=" " tag="689">
      <marc:subfield code="5">DE-101</marc:subfield>
      <marc:subfield code="5">DE-101</marc:subfield>
   </marc:datafield>
   <marc:datafield ind1="3" ind2="0" tag="689">
      <marc:subfield code="0">(DE-588)118827049</marc:subfield>
      <marc:subfield code="0">https://d-nb.info/gnd/118827049</marc:subfield>
      <marc:subfield code="0">(DE-101)118827049</marc:subfield>
      <marc:subfield code="D">p</marc:subfield>
      <marc:subfield code="a">Spielrein, Sabina</marc:subfield>
      <marc:subfield code="d">1885-1942</marc:subfield>
   </marc:datafield>
   <marc:datafield ind1="3" ind2="1" tag="689">
      <marc:subfield code="A">f</marc:subfield>
      <marc:subfield code="a">Tagebuch 1909-1912</marc:subfield>
   </marc:datafield>
   <marc:datafield ind1="3" ind2=" " tag="689">
      <marc:subfield code="5">DE-101</marc:subfield>
      <marc:subfield code="5">DE-101</marc:subfield>
   </marc:datafield>
   <marc:datafield ind1="4" ind2="0" tag="689">
      <marc:subfield code="0">(DE-588)118827049</marc:subfield>
      <marc:subfield code="0">https://d-nb.info/gnd/118827049</marc:subfield>
      <marc:subfield code="0">(DE-101)118827049</marc:subfield>
      <marc:subfield code="D">p</marc:subfield>
      <marc:subfield code="a">Spielrein, Sabina</marc:subfield>
      <marc:subfield code="d">1885-1942</marc:subfield>
   </marc:datafield>
   <marc:datafield ind1="4" ind2="1" tag="689">
      <marc:subfield code="A">f</marc:subfield>
      <marc:subfield code="a">Biographie</marc:subfield>
   </marc:datafield>
   <marc:datafield ind1="4" ind2=" " tag="689">
      <marc:subfield code="5">DE-101</marc:subfield>
      <marc:subfield code="5">DE-101</marc:subfield>
   </marc:datafield>
   <marc:datafield ind1="1" ind2=" " tag="700">
      <marc:subfield code="0">(DE-588)118827049</marc:subfield>
      <marc:subfield code="0">https://d-nb.info/gnd/118827049</marc:subfield>
      <marc:subfield code="0">(DE-101)118827049</marc:subfield>
      <marc:subfield code="a">Spielrein, Sabina</marc:subfield>
      <marc:subfield code="d">1885-1942</marc:subfield>
      <marc:subfield code="e">Verfasser</marc:subfield>
      <marc:subfield code="4">aut</marc:subfield>
      <marc:subfield code="2">gnd</marc:subfield>
   </marc:datafield>
   <marc:datafield ind1="1" ind2=" " tag="700">
      <marc:subfield code="0">(DE-588)118558749</marc:subfield>
      <marc:subfield code="0">https://d-nb.info/gnd/118558749</marc:subfield>
      <marc:subfield code="0">(DE-101)118558749</marc:subfield>
      <marc:subfield code="a">Jung, C. G.</marc:subfield>
      <marc:subfield code="d">1875-1961</marc:subfield>
      <marc:subfield code="e">Verfasser</marc:subfield>
      <marc:subfield code="4">aut</marc:subfield>
      <marc:subfield code="2">gnd</marc:subfield>
   </marc:datafield>
   <marc:datafield ind1="1" ind2=" " tag="700">
      <marc:subfield code="0">(DE-588)118535315</marc:subfield>
      <marc:subfield code="0">https://d-nb.info/gnd/118535315</marc:subfield>
      <marc:subfield code="0">(DE-101)118535315</marc:subfield>
      <marc:subfield code="a">Freud, Sigmund</marc:subfield>
      <marc:subfield code="d">1856-1939</marc:subfield>
      <marc:subfield code="e">Verfasser</marc:subfield>
      <marc:subfield code="4">aut</marc:subfield>
      <marc:subfield code="2">gnd</marc:subfield>
   </marc:datafield>
   <marc:datafield ind1="1" ind2=" " tag="700">
      <marc:subfield code="0">(DE-588)143499718</marc:subfield>
      <marc:subfield code="0">https://d-nb.info/gnd/143499718</marc:subfield>
      <marc:subfield code="0">(DE-101)143499718</marc:subfield>
      <marc:subfield code="a">Carotenuto, Aldo</marc:subfield>
      <marc:subfield code="d">1933-2005</marc:subfield>
      <marc:subfield code="e">Herausgeber</marc:subfield>
      <marc:subfield code="4">edt</marc:subfield>
      <marc:subfield code="2">gnd</marc:subfield>
   </marc:datafield>
   <marc:datafield ind1="0" ind2="2" tag="730">
      <marc:subfield code="a">Diario di una segreta simmetria</marc:subfield>
      <marc:subfield code="g">dt.</marc:subfield>
   </marc:datafield>
   <marc:datafield ind1="1" ind2=" " tag="800">
      <marc:subfield code="a">Spielrein, Sabina</marc:subfield>
      <marc:subfield code="d">1885-1942</marc:subfield>
      <marc:subfield code="4">aut</marc:subfield>
      <marc:subfield code="t">Sabina Spielrein</marc:subfield>
      <marc:subfield code="v">1</marc:subfield>
      <marc:subfield code="w">(DE-101)551340851</marc:subfield>
      <marc:subfield code="9">11</marc:subfield>
      <marc:subfield code="7">am</marc:subfield>
   </marc:datafield>
   <marc:datafield ind1=" " ind2=" " tag="850">
      <marc:subfield code="a">DE-101a</marc:subfield>
      <marc:subfield code="a">DE-101b</marc:subfield>
   </marc:datafield>
   <marc:datafield ind1="4" ind2="2" tag="856">
      <marc:subfield code="m">B:DE-101</marc:subfield>
      <marc:subfield code="q">application/pdf</marc:subfield>
      <marc:subfield code="u">https://d-nb.info/871489872/04</marc:subfield>
      <marc:subfield code="3">Inhaltsverzeichnis</marc:subfield>
   </marc:datafield>
</marc:record>
